[Event "Dresden op"]
[Site "Dresden"]
[Date "1999.??.??"]
[Round "?"]
[White "Saltaev, Mihail"]
[Black "Buchal, Stephan"]
[Result "1/2-1/2"]
[WhiteElo "2480"]
[BlackElo "2360"]

1.e4 g6 2.d4 Bg7 3.Nc3 d6 4.f4 Nc6 5.Nf3 Bg4 6.Be3 Bxf3 7.gxf3 d5 8.Qd2 e6
9.O-O-O Nge7 10.Bh3 Qd7 11.Ne2 f5 12.e5 b6 13.Bf1 Na5 14.Bf2 Kf7 15.Nc3  1/2-1/2

[Event "Dresden (Women)"]
[Site "Dresden"]
[Date "1999.??.??"]
[Round "?"]
[White "Madl, Ildiko"]
[Black "Heymann, Ulrike"]
[Result "0-1"]
[WhiteElo "2435"]
[BlackElo "2195"]

1.e4 g6 2.d4 Bg7 3.Nc3 d6 4.Be3 a6 5.a4 Nc6 6.d5 Ne5 7.Be2 Nf6 8.h3 O-O 9.f4 Ned7
10.Nf3 e5 11.dxe6 fxe6 12.O-O Qe7 13.Bc4 Nh5 14.Ng5 Nc5 15.Qd2 Ng3 16.Rfe1 Bxc3
17.Qxc3 Ncxe4 18.Qd3 Nxg5 19.fxg5 Nf5 20.Bf4 Kh8 21.g4 Ng7 22.Rf1 e5 23.Bd2 Be6
24.Rae1 Rae8 25.a5 Bxc4 26.Qxc4 Ne6 27.h4 Nd4 28.Kg2 Qd7 29.Kg3 Qc6 30.Qxc6 Nxc6
31.c4 Kg8 32.Rf6 Nb8 33.b4 Nd7 34.Rxf8+ Rxf8 35.Be3 Kf7 36.h5 Ke6 37.Rh1 Rf7
38.b5 c6 39.hxg6 hxg6 40.Rh6 Nf8 41.bxa6 bxa6 42.Rh8 e4 43.Bd4 Rf3+ 44.Kg2 Kf7
45.Rh1 Ra3 46.c5 Rxa5 47.Rf1+ Ke8 48.cxd6 Rd5 49.Bc3 Nd7 50.Re1 Nc5 51.Bb4 Kd7
52.Bxc5 Rxc5 53.Rxe4 Rxg5 54.Rf4 Rd5 55.Rf7+ Kxd6 56.Rf6+ Kc7 57.Rxg6 a5
58.Kf3 a4 59.Rh6 Kb6 60.Kf4 Kb5 61.g5 a3 62.g6 a2 63.Rh1 Kb4 64.g7 Rd8 65.Ke5 c5
66.Ra1 Kb3 67.Rd1 Rg8 68.Kd5 c4 69.Kd4 Rxg7  0-1

[Event "Dresden (Women)"]
[Site "Dresden"]
[Date "1999.??.??"]
[Round "?"]
[White "Paehtz, Elisabeth"]
[Black "Heymann, Ulrike"]
[Result "1-0"]
[WhiteElo "2275"]
[BlackElo "2195"]

1.e4 g6 2.d4 Bg7 3.Nc3 d6 4.Be3 c6 5.Qd2 Nd7 6.f3 b5 7.g4 h5 8.g5 e6 9.Nh3 Ne7
10.Bg2 O-O 11.O-O Nb6 12.b3 Qc7 13.Rad1 Bb7 14.Qf2 Nd7 15.Ne2 Rac8 16.Rd2 Rfd8
17.Kh1 b4 18.Nhf4 c5 19.dxc5 Nxc5 20.Nd3 Qa5 21.Rfd1 Nxd3 22.cxd3 d5 23.Bxa7 Rd6
24.Be3 Rdc6 25.h4 e5 26.Qe1 Rc2 27.Bh3 R8c7 28.Nc1 Qa3 29.Rxc2 Rxc2 30.Bd2 Nc6
31.Bg2 Qb2 32.exd5 Nd4 33.f4 exf4 34.Be4 Be5 35.Ne2 Nb5 36.Bc1 Qxa2 37.Rd2 Qxb3
38.Qd1 Bxd5 39.Qxc2 Bxe4+ 40.Kh2 Qxc2 41.Rxc2 Bxd3 42.Rc8+ Kg7 43.Bxf4 Bxf4+
44.Nxf4 Bf5 45.Rb8 Nd6 46.Nd5 Ne4 47.Rxb4 Nf2 48.Kg3 Ng4 49.Kf4 Be6 50.Nc7 Bd7
51.Rd4 Bf5 52.Rd8 Bc2 53.Ne8+ Kf8 54.Nf6+ Ke7 55.Re8+ Kd6 56.Nxg4 hxg4 57.Kxg4 Bf5+
58.Kf4 Bd7 59.Re2 Be6 60.Rd2+ Bd5 61.Rd1 Ke6 62.Rb1 Kd6 63.Rb6+ Bc6 64.Ra6 Kd5
65.Rb6 Kc5 66.Rb8 Kd6 67.Rh8 Bd7 68.Rh7 Be6 69.Rg7 Kd5 70.Rg8 Kd6 71.Rd8+ Bd7
72.Ke4 Ke7 73.Rb8 Kd6 74.Rb6+ Bc6+ 75.Kd4 Kc7 76.Kc5 Ba4 77.Ra6 Bb3 78.Ra7+ Kb8
79.Re7 Kc8 80.Kd6 Kd8 81.Rb7 Be6 82.Rb8+  1-0

[Event "Dresden (Women)"]
[Site "Dresden"]
[Date "1999.??.??"]
[Round "?"]
[White "Heymann, Ulrike"]
[Black "Werner, Veronika"]
[Result "1/2-1/2"]
[WhiteElo "2195"]
[BlackElo "2235"]

1.e4 g6 2.d4 Bg7 3.Nc3 d6 4.Be3 a6 5.Qd2 Nd7 6.f3 b5 7.a4 b4 8.Nd1 Rb8 9.a5 c5
10.Nh3 Qc7 11.Nf4 Ngf6 12.dxc5 Nxc5 13.Nd3 Nxd3+ 14.Bxd3 O-O 15.Bd4 e5 16.Bb6 Qc6
17.Ne3 Bh6 18.Qf2 Re8 19.h4 Bg7 20.h5 Nxh5 21.Nd5 Nf4 22.Nxb4 Nxd3+ 23.cxd3 Qb5
24.Nd5 Qxd3 25.Nc7 Rf8 26.Rd1 Qb3 27.O-O Bb7 28.Rxd6 Rbc8 29.Rfd1 Qc4 30.b3 Qxb3
31.Qd2 h5 32.Rd3 Qa4 33.Qb2 h4 34.Rd6 h3 35.gxh3 Qc4 36.Rc1 Qa4 37.Qd2 Qa3
38.Rc3 Qa1+ 39.Rc1 Qa3 40.Rc3 Qa1+ 41.Rc1  1/2-1/2

[Event "Espe Cup"]
[Site "ECU"]
[Date "1999.??.??"]
[Round "?"]
[White "Alarcon, Cesar"]
[Black "Moreira, Jairo"]
[Result "0-1"]
[WhiteElo "2180"]
[BlackElo "2330"]

1.d4 g6 2.e4 Bg7 3.Nc3 d6 4.Be3 Nd7 5.Qd2 a6 6.O-O-O b5 7.Nce2 Bb7 8.f3 c5
9.g4 Qc7 10.Kb1 Ngf6 11.Ng3 O-O-O 12.c4 b4 13.g5 Ne8 14.d5 Nb6 15.Qc2 Kb8
16.h4 a5 17.h5 Rg8 18.a4 bxa3 19.bxa3 Ba6 20.Ka2 Qd7 21.Bd2 Ka7 22.Bxa5 Rb8
23.Rb1 Nc7 24.Bd3 Nxc4 25.Bb4 cxb4 26.Bxc4 Bxc4+ 27.Qxc4 Nb5 28.Rxb4 Nc3+
29.Kb2 Nxd5+  0-1

[Event "Espe Cup"]
[Site "ECU"]
[Date "1999.??.??"]
[Round "?"]
[White "Belli, Mario"]
[Black "Minaya, Juan M"]
[Result "1/2-1/2"]
[WhiteElo "2395"]
[BlackElo "2295"]

1.d4 g6 2.e4 Bg7 3.Nc3 d6 4.h4 Nf6 5.Be2 c5 6.dxc5 Qa5 7.Kf1 Qxc5 8.Be3 Qa5
9.h5 gxh5 10.Bxh5 Nc6 11.Be2 h5 12.Qd2 Be6 13.Nh3 Ng4 14.Bg5 O-O-O 15.f3 Nf6
16.Rd1 d5 17.exd5 Nxd5 18.Nxd5 Rxd5 19.Qxa5 Rxa5 20.Bc1 Bf5 21.c3 Rxa2 22.Nf4 Ra1
23.Rxh5 Rxh5 24.Nxh5 Be5 25.Bf4 Rxd1+ 26.Bxd1  1/2-1/2

[Event "Espe Cup"]
[Site "ECU"]
[Date "1999.??.??"]
[Round "?"]
[White "Mieles Palau, Daniel P"]
[Black "Belli, Mario"]
[Result "0-1"]
[WhiteElo "2225"]
[BlackElo "2395"]

1.e4 d6 2.Nc3 g6 3.d4 Bg7 4.g3 Nf6 5.Bg2 O-O 6.Nge2 Na6 7.O-O c5 8.h3 cxd4
9.Nxd4 Nc5 10.Be3 a6 11.a4 Qc7 12.g4 e5 13.Nb3 Be6 14.Nxc5 dxc5 15.Qe2 Rfe8
16.Rad1 Rac8 17.g5 Nd7 18.Nd5 Qc6 19.a5 c4 20.Nb6 Nxb6 21.axb6 Bf8 22.f4 exf4
23.e5 Qb5 24.Rxf4 Bc5  0-1

[Event "Espe Cup"]
[Site "ECU"]
[Date "1999.??.??"]
[Round "?"]
[White "Moreno, Alejandro"]
[Black "Mera Cedeno, Angel"]
[Result "1-0"]
[WhiteElo "2415"]
[BlackElo "2360"]

1.e4 g6 2.d4 Bg7 3.Nc3 d6 4.Be3 Nd7 5.Qd2 a6 6.h4 h5 7.Nh3 b5 8.O-O-O Bb7
9.Ng5 e6 10.Ne2 Ngf6 11.f3 Qe7 12.Kb1 Rd8 13.Nc1 O-O 14.Qa5 Rc8 15.g3 c5
16.dxc5 Nxc5 17.Rh2 Na4 18.c4 d5 19.cxb5 axb5 20.e5 Ne8 21.f4 Ra8 22.Qd2 b4
23.Nb3 d4 24.Bxd4 Nc7 25.Bd3 Ba6 26.g4 Bxd3+ 27.Qxd3 Nd5 28.Qe4 Rfd8 29.Rg1 hxg4
30.h5 Qe8 31.hxg6 fxg6 32.Rgh1 Ra6 33.Rh8+ Bxh8 34.Rxh8+ Kxh8 35.Qh1+  1-0

[Event "Espe Cup"]
[Site "ECU"]
[Date "1999.??.??"]
[Round "?"]
[White "Alarcon, Cesar"]
[Black "Minaya, Juan M"]
[Result "0-1"]
[WhiteElo "2180"]
[BlackElo "2295"]

1.d4 g6 2.e4 Bg7 3.Nc3 d6 4.Be3 Nc6 5.Qd2 e5 6.Nge2 h5 7.O-O-O Nh6 8.h3 f6
9.f4 Nf7 10.g3 Bd7 11.Bg2 a6 12.Nd5 Ne7 13.Rhf1 Nxd5 14.exd5 Bf5 15.Nc3 Qd7
16.Ne4 exf4 17.Rxf4 O-O-O 18.Rdf1 Rde8 19.g4 hxg4 20.hxg4 Bxg4 21.Nxf6 Bxf6
22.Rxf6 Bf5 23.Bf4 Qe7 24.Rxf5 gxf5 25.Qd3 Qf6 26.Bh3 Rh5 27.Bd2 Nh6 28.Kb1 Kb8
29.a3 Rh4 30.c3 Qe7 31.Re1 Re4 32.Rf1 Qh4 33.Ka2 Ng4 34.Qf3 Nh2 35.Qxf5 Nxf1
36.Bxf1 Qh2 37.Bd3 R4e7 38.Bf4 Qf2 39.Qg5 Re1 40.Bd2 Rd1  0-1

[Event "Eger Agria op"]
[Site "Eger"]
[Date "1999.??.??"]
[Round "?"]
[White "Eberth, Zoltan"]
[Black "Barta, Zoltan"]
[Result "0-1"]
[WhiteElo "2270"]
[BlackElo "2110"]

1.e4 d6 2.d4 g6 3.Nc3 Bg7 4.f4 e6 5.Nf3 Ne7 6.Bd3 a6 7.Be3 b5 8.a4 b4 9.Na2 a5
10.c3 bxc3 11.Nxc3 O-O 12.O-O Na6 13.Rc1 Nb4 14.Bb1 Rb8 15.Rf2 Ba6 16.Na2 Nxa2
17.Bxa2 c6 18.Rfc2 Qb6 19.Kf2 Qb4 20.Rd2 Rfc8 21.Kg1 c5 22.Bb1 c4 23.Ba2 d5
24.e5 Nf5 25.Bf2 h5 26.Rc3 Bh6 27.Ng5 Qe7 28.h4 Rb4 29.Bb1 Rcb8 30.Bxf5 exf5
31.Qe2 Bxg5 32.fxg5 Bc8 33.e6 fxe6 34.Bg3 R8b7 35.Rdc2 Bd7 36.Re3 Kf7 37.Be5 Bxa4
38.Rd2 Rb3 39.Rc3 Rxc3 40.bxc3 Rb1+ 41.Kh2 Bb3 42.Bb8 Qe8 43.Qe5 Kg8 44.Re2 Bd1
45.Bd6 Bxe2 46.Qxe2 Rb6 47.Bc7 Ra6 48.Qe5 Qe7 49.Kh3 a4  0-1

[Event "Eger Agria op"]
[Site "Eger"]
[Date "1999.??.??"]
[Round "?"]
[White "Hajnal, Zoltan"]
[Black "Gyenes, Istvan"]
[Result "1-0"]
[WhiteElo "2300"]
[BlackElo "2035"]

1.e4 g6 2.d4 Bg7 3.Nc3 d6 4.Be3 Nf6 5.f3 Nbd7 6.Qd2 e5 7.g4 b6 8.O-O-O Bb7
9.Nge2 a6 10.Bh6 Bxh6 11.Qxh6 Ng8 12.Qe3 h5 13.g5 h4 14.Bh3 exd4 15.Nxd4 Qe7
16.Rhe1 O-O-O 17.f4 Re8 18.Qd3 Kb8 19.Nd5 Qd8 20.Nb4 Ne7 21.Nxa6+ Ka8 22.Qa3 Bxa6
23.Qxa6+ Kb8 24.e5 d5 25.Nb5 Nc8 26.Rxd5 Nc5 27.Rxc5 bxc5 28.Bg2  1-0

[Event "Cataluna Club op"]
[Site "ESP"]
[Date "1999.??.??"]
[Round "?"]
[White "Nunez Lucero, Francesco Alex"]
[Black "Lopez Belles, Luis"]
[Result "1-0"]
[WhiteElo "2260"]
[BlackElo "2095"]

1.e4 g6 2.d4 Bg7 3.Nc3 d6 4.Be3 Nf6 5.Qd2 c6 6.f3 h5 7.O-O-O Qa5 8.Kb1 Be6
9.Nge2 Bc4 10.Nc1 Bxf1 11.Rhxf1 Nbd7 12.Nb3 Qc7 13.f4 Nb6 14.Bg1 d5 15.e5 Nfd7
16.f5 Nc4 17.Qd3 g5 18.Qg3 Bxe5 19.dxe5 Ndxe5 20.Bd4 f6 21.Nd2 h4 22.Qe1 b5
23.Nxc4 bxc4 24.Qe2 Rb8 25.Rde1 Qb7 26.Nd1 c3 27.Bxe5 fxe5 28.Qxe5  1-0

[Event "Cataluna-chT"]
[Site "ESP"]
[Date "1999.??.??"]
[Round "4"]
[White "Lara Dieguez, F."]
[Black "Piqueres Pla, E."]
[Result "0-1"]
[WhiteElo "2080"]
[BlackElo "2265"]

1.e4 d6 2.d4 g6 3.Nc3 Bg7 4.Be3 c6 5.Qd2 b5 6.Bd3 Bb7 7.f3 Nd7 8.h4 h5 9.O-O-O a6
10.Nh3 Rc8 11.f4 c5 12.dxc5 Nxc5 13.Bxc5 Rxc5 14.e5 Qa5 15.Qe3 Rxc3 16.bxc3 Nh6
17.Qa7 Bxg2 18.Qb8+ Qd8 19.Qxd8+ Kxd8 20.Rh2 Bxh3 21.Rxh3 Ng4 22.exd6 exd6
23.Re3 Nxe3  0-1

[Event "Cataluna-chT"]
[Site "ESP"]
[Date "1999.??.??"]
[Round "4"]
[White "Estrella Vidiella, J."]
[Black "Vidarte Morales, Arturo"]
[Result "1-0"]
[WhiteElo "2325"]
[BlackElo "2425"]

1.e4 d6 2.d4 g6 3.Nc3 Bg7 4.Be3 c6 5.Qd2 Nd7 6.h4 h5 7.f3 b5 8.O-O-O Qa5
9.Nh3 Ngf6 10.Kb1 Nb6 11.a3 Nc4 12.Bxc4 bxc4 13.e5 Rb8 14.Ka1 Nd5 15.Nxd5 Qxd5
16.exd6 Bxh3 17.Rxh3 exd6 18.c3 O-O 19.Bh6 Bxh6 20.Qxh6 Qb5 21.Qd2 Qb3 22.Rhh1 Rb5
23.Qc1 Rfb8 24.Rd2 Ra5 25.Re1 Rb6 26.Ree2 Rba6 27.Rc2 Kg7 28.g3 Rf5 29.f4 Rfa5
30.Rcd2 Qb5 31.Re7 Qd5 32.Re3 Rb5 33.Rf2 Qf5 34.Re1 Rb3 35.Re3 Ra4 36.Ree2 Ra5
37.Re3 Rbb5 38.Ree2 Rd5 39.Qc2 Qg4 40.Re3 Kf6 41.Ka2 Qf5 42.Qe2 Ra4 43.Re8 Qd3
44.Qe7+ Kg7 45.Qf8+ Kf6 46.Re5  1-0

[Event "Tres Peons op"]
[Site "ESP"]
[Date "1999.??.??"]
[Round "9"]
[White "Crespo Revilla, Josep Ma"]
[Black "Vidarte Morales, Arturo"]
[Result "1/2-1/2"]
[WhiteElo "2305"]
[BlackElo "2425"]

1.e4 d6 2.d4 g6 3.Nc3 Bg7 4.Be3 c6 5.Qd2 Nd7 6.Bc4 Ngf6 7.f3 b5 8.Bb3 a5
9.a3 Rb8 10.Bh6 O-O 11.h4 c5 12.h5 c4 13.hxg6 fxg6 14.Ba2 e5 15.Nxb5 Rxb5
16.Bxc4+ d5 17.Bxb5 Bxh6 18.Qxh6 Qb6 19.a4 Qxd4 20.c3 Qc5 21.exd5 e4 22.O-O-O Ne5
23.d6 Bf5 24.Qd2 Nd3+ 25.Bxd3 exd3 26.g4 Bd7 27.Qxd3 Bxa4 28.Qd4 Qg5+ 29.f4 Qb5
30.Re1 Bb3 31.Nf3 Nxg4 32.d7 Qf5 33.Qd2 Ba2 34.Qc2 Qxd7 35.Ng5 Nf6 36.b3 Rc8
37.c4 Qd4 38.Qxa2 Qc3+ 39.Qc2 Qa1+ 40.Qb1 Qc3+ 41.Qc2 Qa1+ 42.Qb1 Qc3+ 43.Qc2  1/2-1/2

[Event "Euskadi-ch13"]
[Site "Euskadi"]
[Date "1999.??.??"]
[Round "3"]
[White "Iruzubieta, Jesus Maria"]
[Black "Miguel Quintero, Francisco"]
[Result "1/2-1/2"]
[WhiteElo "2455"]
[BlackElo "2240"]

1.e4 g6 2.d4 Bg7 3.Nc3 d6 4.Be3 Nc6 5.f4 Nf6 6.Nf3 O-O 7.e5 dxe5 8.dxe5 Ng4
9.Bg1 f6 10.Bc4+ Kh8 11.h3 Qxd1+ 12.Rxd1 Nh6 13.Bh2 fxe5 14.Nxe5 Nf5 15.Nf7+ Kg8
16.Ne5+ Kh8 17.Nxc6 bxc6 18.Kd2 c5 19.Nd5 Be6 20.Rhe1 Bg8 21.Kc1 c6 22.Nc7 Bxc4
23.Nxa8 Rxa8 24.g4 Nd4 25.Rxe7 Bf6  1/2-1/2

[Event "FIN-chT9899"]
[Site "FIN"]
[Date "1999.??.??"]
[Round "9"]
[White "Franssila, Tommi"]
[Black "Lehtinen, Heikki"]
[Result "1/2-1/2"]
[WhiteElo "2183"]
[BlackElo "2201"]

1.d4 g6 2.e4 Bg7 3.Nc3 d6 4.f4 a6 5.Be3 b5 6.Bd3 Bb7 7.Nf3 Nf6 8.e5 Nd5 9.Nxd5 Bxd5
10.O-O Nd7 11.Ng5 e6 12.Qe1  1/2-1/2

[Event "Gent op 22nd"]
[Site "Gent"]
[Date "1999.??.??"]
[Round "7"]
[White "Gommers, Ralf"]
[Black "Tolhuizen, Ludo"]
[Result "1-0"]
[WhiteElo "2365"]
[BlackElo "2210"]

1.e4 g6 2.d4 Bg7 3.Nc3 d6 4.Be3 a6 5.f4 b5 6.a3 Bb7 7.Nf3 Nd7 8.e5 e6 9.Bd3 Ne7
10.O-O Nd5 11.Nxd5 Bxd5 12.Ng5 O-O 13.Qg4 c5 14.c3 cxd4 15.cxd4 f5 16.exf6 Nxf6
17.Qh3 Qd7 18.Rae1 Rae8 19.Bb1 Re7 20.Kh1 Rc8 21.Bd2 Rce8 22.Bb4 Qc6 23.Re3 Qb6
24.Rg3 a5 25.Bd2 b4 26.axb4 axb4 27.Nxh7 Nxh7 28.Bxg6 Nf8 29.Bxe8 Rxe8 30.f5 exf5
31.Bh6 Ne6 32.Qxf5 Qb7 33.Qg6 Re7 34.Bxg7 Nxg7 35.Qxd6 Bf7 36.Qf6 Be6 37.Rxg7+  1-0

[Event "Hessenliga 9899"]
[Site "GER"]
[Date "1999.??.??"]
[Round "?"]
[White "Koeller, Oliver"]
[Black "Emmerich, Dirk"]
[Result "1/2-1/2"]
[WhiteElo "2290"]
[BlackElo "2215"]

1.e4 g6 2.d4 Bg7 3.Nc3 d6 4.Nf3 Nf6 5.h3 O-O 6.Be3 Nbd7 7.Qd2 e5 8.dxe5 dxe5
9.Bc4 Qe7 10.O-O c6 11.a4 Nc5 12.Bxc5 Qxc5 13.Bb3 Nh5 14.Rad1 Qe7 15.Qd6 Qf6
16.Qxf6 Bxf6 17.Rd2 Nf4 18.Nd1 Be6 19.Bxe6 Nxe6 20.Ne3 h5 21.Nc4 Nc5 22.Ncxe5 Nxe4
23.Re2 Nc5 24.a5 Rad8 25.Rfe1 Rfe8 26.Nd7 Rxe2 27.Nxf6+ Kg7 28.Nxh5+ gxh5
29.Rxe2 Rd1+ 30.Re1 Rd7 31.Kh2 Ne6 32.Re5 Kh6 33.g4 hxg4 34.hxg4 Kg7 35.Kg3 Rd1
36.Re1 Rd5 37.Re5 Rd1 38.Re1 Rd5 39.b4 Rb5 40.c3 Rd5 41.Re3 c5 42.Nh4 cxb4
43.cxb4 Nd4 44.Re4 Nc6 45.Nf5+ Kf6 46.Ne3 Rb5 47.Nc2 Rd5 48.f3 Rd3 49.Kf4 Kg6
50.Kg3  1/2-1/2

[Event "Hessenliga 9899"]
[Site "GER"]
[Date "1999.??.??"]
[Round "?"]
[White "Kersten, Uwe"]
[Black "Emmerich, Dirk"]
[Result "1-0"]
[WhiteElo "2400"]
[BlackElo "2215"]

1.e4 g6 2.d4 Bg7 3.Nc3 d6 4.g3 Nc6 5.d5 Nb4 6.Bg2 c5 7.Nge2 Nf6 8.h3 O-O
9.O-O Rb8 10.Bg5 b5 11.Qd2 Nd7 12.a3 Na6 13.Bh6 Ne5 14.Bxg7 Kxg7 15.f4 Nc4
16.Qc1 b4 17.Nd1 bxa3 18.b3 Nb6 19.Rxa3 Nc7 20.c4 a6 21.Ne3 e6 22.f5 exf5
23.exf5 Nd7 24.Ng4 Kg8 25.f6 Ne8 26.Qg5 h5 27.Nf4 hxg4 28.Nxg6 Nexf6 29.Ne7+ Kh8
30.Rxf6 Nxf6 31.Qxf6+ Kh7  1-0

[Event "Hessenliga 9899"]
[Site "GER"]
[Date "1999.??.??"]
[Round "?"]
[White "Deuster, Heinz Juergen"]
[Black "Schiffer, Steve"]
[Result "1/2-1/2"]
[WhiteElo "2190"]
[BlackElo "2125"]

1.d4 g6 2.e4 Bg7 3.Nc3 d6 4.Be3 Nf6 5.h3 c6 6.g3 b5 7.Bg2 b4 8.Nce2 a5 9.a3 Ra6
10.Qd2 Qb6 11.c3 bxc3 12.Nxc3 Qb3 13.Nge2 O-O 14.O-O Nbd7 15.Nc1 Qb7 16.Re1 e5
17.Nd3 exd4 18.Bxd4 Re8 19.e5 dxe5 20.Nxe5 Nxe5 21.Bxe5 Be6 22.g4 Raa8 23.Rad1 Bb3
24.Rc1 Rad8 25.Qf4 Re6 26.Bc7 Bh6 27.Qxh6 Qxc7 28.Rxe6 Bxe6 29.Qg5 Kg7 30.Qc5 Rd2
31.g5 Nd7 32.Qxc6 Qxc6 33.Bxc6 Ne5 34.Bg2 Rxb2 35.Ne4 Nd3 36.Rc3 Nf4 37.Rc5 a4
38.Ra5 Re2 39.Nf6 h6 40.h4 hxg5 41.hxg5 Rc2 42.Rxa4 Ne2+ 43.Kh2 Rc8 44.Ra8 Nc3
45.Rxc8 Bxc8 46.Bc6 Kf8 47.Kg2 Be6 48.Kf3 Ke7 49.Ke3 Kd6 50.Ne4+ Kxc6 51.Nxc3 Kc5
52.f4 Kc4 53.Ne2 Bd5 54.Nd4 Bb7 55.a4 Kb4 56.Nb5 Kc5 57.Nc3 Kc4 58.Ne4 Kd5
59.a5 Ba6 60.Nf6+ Kc5 61.Ke4 Kb5 62.Ke5 Kxa5 63.Ne8 Kb4 64.Kf6 Kc5 65.Kxf7 Bd3
66.Ke6 Kd4 67.Nd6 Ke3 68.Ke5 Kf3 69.Nf7 Kg4 70.Nh6+ Kh5 71.Kf6 Bc2 72.f5 Bb1
73.fxg6 Bxg6 74.Nf5 Bh7 75.Ne7 Kh4 76.Ng6+ Kg4  1/2-1/2

[Event "Oberliga Ost B9899"]
[Site "GER"]
[Date "1999.??.??"]
[Round "?"]
[White "Quast, Michael"]
[Black "Paehtz, Thomas Sr"]
[Result "0-1"]
[WhiteElo "2215"]
[BlackElo "2420"]

1.e4 g6 2.d4 Bg7 3.Nc3 d6 4.f4 a6 5.Nf3 b5 6.Be3 Nd7 7.Qd2 Bb7 8.d5 Ngf6
9.Bd3 O-O 10.Nd4 Nc5 11.b4 Nxd3+ 12.cxd3 Ng4 13.Rc1 Qd7 14.f5 Rac8 15.O-O c5
16.dxc6 Bxc6 17.Nxc6 Rxc6 18.Nd5 Rxc1 19.Rxc1 e6 20.h3 Nxe3 21.Nxe3 exf5
22.Nd5 fxe4 23.dxe4 Qe6 24.Qd3 Kh8 25.Rc6 f5 26.Nc3 fxe4 27.Nxe4 Qxa2 28.Rxd6 Qb2
29.Nc5 Qxb4 30.Nd7 Qe1+ 31.Kh2 Rf1  0-1

[Event "Oberliga Ost B9899"]
[Site "GER"]
[Date "1999.??.??"]
[Round "?"]
[White "Staller, Peter"]
[Black "Nedela, Vlastimil"]
[Result "0-1"]
[WhiteElo "2300"]
[BlackElo "2375"]

1.e4 g6 2.d4 Bg7 3.Nc3 d6 4.g3 b6 5.Bg2 Bb7 6.Nge2 e6 7.O-O Ne7 8.Be3 Nd7
9.Qd2 h6 10.a4 a6 11.Nf4 O-O 12.Rad1 Kh7 13.h3 Qc8 14.Kh2 Rb8 15.Nd3 Re8
16.f4 f5 17.e5 Bxg2 18.Qxg2 d5 19.b4 c6 20.g4 Rg8 21.a5 bxa5 22.bxa5 c5 23.Nxc5 Nxc5
24.dxc5 Rb4 25.Ne2 Re4 26.Bd4 g5 27.c3 Qc7 28.Kh1 Ng6 29.fxg5 fxg4 30.hxg4 Nxe5
31.Nf4 Qe7 32.Bxe5 Bxe5 33.g6+ Kg7 34.Nh5+ Kxg6 35.Rd3 Qh4+ 36.Rh3 Qxg4 37.Qxg4+ Rxg4
38.Re1 Rg5 39.c6 Rc8 40.Rh4 Rxc6 41.Nf4+ Kh7 42.Nh3 Rf5 43.Rg1 Rxc3 44.Rb1 Rc4
45.Rxc4 dxc4 46.Kg2 Bd4 47.Rb4 Rc5 48.Nf4 e5 49.Rb7+ Kg8 50.Ne6 Rc8 51.Nc7 c3
52.Nd5 Kf8 53.Rh7 e4 54.Nb6 Rc6  0-1

[Event "Hessenliga 9899"]
[Site "GER"]
[Date "1999.??.??"]
[Round "?"]
[White "Barthel, Bergit"]
[Black "Fromme, Ernst"]
[Result "0-1"]
[WhiteElo "2100"]
[BlackElo "2315"]

1.e4 g6 2.d4 Bg7 3.Nc3 d6 4.Be3 c6 5.Qd2 Nd7 6.Nf3 a6 7.a3 b5 8.Be2 Nb6 9.e5 f6
10.O-O-O d5 11.exf6 exf6 12.Rde1 Ne7 13.Bh6 Kf7 14.h4 Bxh6 15.Qxh6 Nf5 16.Qf4 Qd6
17.Qd2 h5 18.Bd3 a5 19.Ng1 b4 20.Nb1 Nc4 21.Bxc4 dxc4 22.Ne2 c3 23.bxc3 bxc3
24.Qxc3 Re8 25.g3 Bd7 26.Qd2 Re4 27.f3 Re7 28.g4 Ng7 29.gxh5 Nxh5 30.Qh6 Rae8
31.Qh7+ Ng7 32.h5 gxh5 33.Reg1 Rg8 34.Qg6+ Kf8 35.Nbc3 Bf5 36.Qg2 Qf4+ 37.Kb1 Bh7
38.Rxh5 Nxh5  0-1

[Event "Oberliga Ost B9899"]
[Site "GER"]
[Date "1999.??.??"]
[Round "?"]
[White "Komsic, Drago"]
[Black "Paehtz, Thomas Sr"]
[Result "0-1"]
[WhiteElo "2305"]
[BlackElo "2420"]

1.e4 g6 2.d4 Bg7 3.Nc3 d6 4.Nf3 a6 5.h3 b5 6.a3 Nf6 7.Be3 O-O 8.Bd3 Nbd7
9.O-O Bb7 10.Re1 c5 11.d5 e6 12.Bf4 e5 13.Be3 Qc7 14.Qd2 c4 15.Bf1 Nc5 16.Bh6 Bc8
17.Rab1 Rb8 18.Bxg7 Kxg7 19.Qe3 a5 20.Nd2 Ba6 21.Ne2 Nfd7 22.g4 b4 23.Ng3 c3
24.bxc3 bxa3 25.Bxa6 Nxa6 26.Ra1 Nac5 27.Rxa3 a4 28.h4 h6 29.Kg2 Nb6 30.f4 exf4
31.Qxf4 Rbe8 32.h5 Qe7 33.Nf3 Nc4 34.Raa1 Qf6 35.Qxf6+ Kxf6 36.Re2 Kg7 37.g5 hxg5
38.Nxg5 a3 39.Nf3 Na4 40.Nd2 Nab6 41.Kf3 Ra8 42.Rg2 Nxd2+ 43.Rxd2 Rfc8 44.Rd3 Nc4
45.Ke2 a2 46.hxg6 fxg6 47.Nf1 Ne5 48.Rg3 Rcb8 49.Nd2 Rh8 50.Nf3 Nc4 51.Kd3 Nb2+
52.Kd2 Ra4 53.Rgg1 Rh3 54.Kc1 Nc4 55.Nd2 Ne5 56.Kb2 Rh2 57.Kb3 Ra7 58.Rgd1 Rh8
59.c4 Rb7+ 60.Kc3 Rh3+ 61.Kd4 Ra3 62.c3 Ra4 63.Ke3 Rb2 64.c5 dxc5 65.Nf3 Ng4+
66.Kf4 Nf2 67.Rd2 Rxe4+ 68.Kg3 Rxd2 69.Nxd2 Re2 70.Nb3 Ne4+ 71.Kf3 Nxc3 72.Nxc5 Rd2
73.Nb3 Rxd5 74.Rc1 Rb5 75.Na1 Rb1  0-1

[Event "Oberliga Ost B9899"]
[Site "GER"]
[Date "1999.??.??"]
[Round "?"]
[White "Komsic, Drago"]
[Black "Nedela, Vlastimil"]
[Result "0-1"]
[WhiteElo "2305"]
[BlackElo "2375"]

1.e4 g6 2.d4 Bg7 3.Nc3 d6 4.g3 b6 5.Bg2 Bb7 6.Nge2 e6 7.O-O Ne7 8.Be3 Nd7
9.a4 a6 10.Qd2 h6 11.f4 f5 12.d5 fxe4 13.dxe6 Nf6 14.Bd4 d5 15.Rad1 O-O 16.Be5 c5
17.a5 bxa5 18.Na4 Rc8 19.Nec3 Nf5 20.Qe2 Nd4 21.Bxd4 cxd4 22.Rxd4 Qe7 23.Bh3 Ne8
24.Rdd1 Rc4 25.Kh1 Rb4 26.b3 Nc7 27.Na2 Rd4 28.Rxd4 Bxd4 29.Qd2 Ba7 30.Qxa5 Nxe6
31.N2c3 Nc7 32.Bg2 d4 33.Nd1 Nd5 34.Re1 Nb4 35.Re2 Rf5  0-1

[Event "Hessenliga 9899"]
[Site "GER"]
[Date "1999.??.??"]
[Round "?"]
[White "Treffert, Peter"]
[Black "Emmerich, Dirk"]
[Result "1-0"]
[WhiteElo "2265"]
[BlackElo "2215"]

1.e4 g6 2.d4 Bg7 3.Nc3 d6 4.f4 Nc6 5.Be3 e5 6.dxe5 dxe5 7.Qxd8+ Nxd8 8.Nb5 Ne6
9.f5 gxf5 10.exf5 a6 11.fxe6 axb5 12.Bxb5+ c6 13.exf7+ Kxf7 14.Bc4+ Be6 15.Bxe6+ Kxe6
16.Nf3 h6 17.O-O Ne7 18.a3 Ra4 19.Rae1 Nf5 20.Bc1 Nd4 21.b3 Nxf3+ 22.Rxf3 Rg4
23.h3 Rg6 24.Bb2 Rg5 25.Rfe3 h5 26.R1e2 Rd8 27.Re4 Rd1+ 28.Kh2 Bf6 29.Bc3 Rd8
30.Be1 Rf5 31.g4 hxg4 32.hxg4 Rh8+ 33.Kg2 Rg5 34.Bg3 Rhg8 35.Kf3 Rf8 36.Bf4 Rg7
37.Kg3 Kd7 38.Bh6  1-0

[Event "Oberliga Nord N9899"]
[Site "GER"]
[Date "1999.??.??"]
[Round "?"]
[White "Steffens, Olaf"]
[Black "Schulz, Wolfgang"]
[Result "1-0"]
[WhiteElo "2305"]
[BlackElo "2130"]

1.e4 g6 2.d4 d6 3.Nc3 Bg7 4.g3 Nf6 5.Bg2 O-O 6.Nge2 e5 7.h3 Nc6 8.Be3 Re8
9.d5 Nd4 10.Nxd4 exd4 11.Bxd4 Nxe4 12.Nxe4 f5 13.Bxg7 Kxg7 14.Qd4+ Kg8 15.O-O-O fxe4
16.Bxe4 Qg5+ 17.Kb1 Qe5 18.Qxe5 Rxe5 19.f3 Bd7 20.b3 Rf8 21.g4 Kg7 22.Kb2 Rf6
23.Rhe1 Rf7 24.Re2 Rfe7 25.Rde1 Rf7 26.Rd1 Rfe7 27.Rg2 Rf7 28.Rd4 h6 29.Rf2 Rf4
30.Rfd2 Rf7 31.Rc4 Be8 32.f4 Rxf4 33.Rxc7+ Kf6 34.Bd3 Re3 35.Rxb7 Rxh3 36.Re2 Bf7
37.Rd7 h5 38.Rxd6+ Kg7 39.gxh5 Rxh5 40.Rg2 Rf6 41.Rxf6 Kxf6 42.Rf2+ Kg7 43.d6 g5
44.Bf5 Rh6 45.Rd2 Rh8 46.d7 Rd8 47.c4 Kf6 48.Bg4 Ke5 49.Kc3 Kf4 50.Rd4+ Ke5
51.Kd3 Bg6+ 52.Ke3 Bf7 53.b4 a6 54.a4  1-0

[Event "Oberliga Nord N9899"]
[Site "GER"]
[Date "1999.??.??"]
[Round "?"]
[White "Von Buelow, Georg"]
[Black "Hold, Andre"]
[Result "1-0"]
[WhiteElo "2300"]
[BlackElo "2225"]

1.e4 g6 2.d4 Bg7 3.Nc3 d6 4.Be3 a6 5.Qd2 Nc6 6.f3 e5 7.Nge2 f5 8.exf5 Bxf5
9.g4 Bd7 10.O-O-O Nf6 11.h4 h5 12.Qd3 e4 13.Nxe4 hxg4 14.Bg5 Bf5 15.Bxf6 Bxf6
16.fxg4 Bxh4 17.Kb1 Bxg4 18.Bh3 Bxh3 19.Rxh3 d5 20.Nc5 Ne7 21.Re3 Qd6 22.Re6  1-0

[Event "Oberliga Nord N9899"]
[Site "GER"]
[Date "1999.??.??"]
[Round "?"]
[White "Bathke, Joerg"]
[Black "Hold, Andre"]
[Result "1/2-1/2"]
[WhiteElo "2225"]
[BlackElo "2225"]

1.e4 g6 2.d4 Bg7 3.Nc3 d6 4.Bg5 c6 5.Qd2 Nd7 6.h4 b5 7.h5 b4 8.h6 Bf8 9.Nce2 a5
10.Ng3 Qb6 11.Be3 Ngf6 12.f3 Ba6 13.Nh3 c5 14.d5 Ne5 15.b3 Bxf1 16.Rxf1 Qb5
17.Kf2 c4 18.a3 cxb3 19.cxb3 Nfd7 20.Kg1 bxa3 21.Rxa3 Nc5 22.b4 Na4 23.Qd4 f6
24.bxa5 Nc4 25.Raa1 Nxe3 26.Qxe3 Qc5 27.Qxc5 Nxc5 28.Rfb1 Bxh6 29.f4 Kd7
30.Kf2 Rhb8 31.Rxb8 Rxb8  1/2-1/2

[Event "Oberliga Ost A9899"]
[Site "GER"]
[Date "1999.??.??"]
[Round "?"]
[White "Erler, Rainer"]
[Black "Hoffmann, Hendrik"]
[Result "1-0"]
[WhiteElo "2160"]
[BlackElo "2315"]

1.e4 d6 2.d4 g6 3.Nc3 Bg7 4.Be3 Nf6 5.f3 O-O 6.Qd2 e5 7.d5 Nh5 8.g4 Nf4 9.O-O-O f5
10.gxf5 gxf5 11.exf5 Bxf5 12.Nge2 Nxe2+ 13.Bxe2 Kh8 14.Rhg1 Nd7 15.Rg5 Qf6
16.Kb1 Bg6 17.Rdg1 Qf7 18.Bd3 Qxf3 19.Bxg6 hxg6 20.Rxg6 Rf7 21.Bh6 Bf6 22.R6g3 Qf5
23.Qg2 Rb8 24.Rg8+ Kh7 25.Rxb8 Nxb8 26.Qg8+ Kxh6 27.Qxf7 Nd7 28.h4 e4 29.Qe6 Qf2
30.Qg8 Qf5 31.Qg4 Qxg4 32.Rxg4 Bxc3 33.bxc3 Nf6 34.Rg3 Nxd5 35.Kc1 Ne7 36.c4 c6
37.Rb3 b6 38.Ra3 a5 39.Rb3 Nc8 40.Kd2 Kh5 41.Ke3 Kxh4 42.Kxe4 Kg5 43.Rf3 Ne7
44.Rf7 d5+ 45.Ke5 Ng6+ 46.Kd6 dxc4 47.Rg7 b5 48.Kxc6  1-0